| 000 | 00706nam a2200241 a 4500 | ||
|---|---|---|---|
| 001 | 69645 | ||
| 003 | BD-RjUL | ||
| 005 | 20211209081918.0 | ||
| 008 | 170412s2006 ii a b 001 0 eng d | ||
| 020 | _a8122405495 | ||
| 035 | _a(BD-RjUL)69857 | ||
| 040 |
_aBD-RjUL _beng _cBD-RjUL _dBD-RjUL |
||
| 041 | _aeng | ||
| 082 |
_223 _a519.23 _bMES 2006 |
||
| 100 | 1 |
_aMedhi, J. _q(Jyotiprasad) _9206288 |
|
| 245 | 1 | 0 |
_aStochastic processes / _cJ. Medhi |
| 250 | _a2nd ed | ||
| 260 |
_aNew York ; _aChichester : _bWiley, _cc1984 [reprinted 2006] |
||
| 300 |
_axv, 598 p : _bill ; _c25 cm |
||
| 504 | _aIncludes bibliographical references and indexes | ||
| 650 | 0 |
_aStochastic processes _9117665 |
|
| 942 |
_2ddc _cBK |
||
| 999 |
_c69645 _d69645 |
||